00477nam a2200169Ia 4500003000400000005001700004008004100021020001800062040000900080082001500089100001800104245011100122250001200233260003800245300001000283650001400293OSt20201111150027.0190216s9999||||xx |||||||||||||| ||und|| a9788126536863 coclc a547bMAR/M aMarch, Jerry  0aMarch`s Advanced Organic Chemistry :bReactions, Mechanisms And Structure /cJerry March ; Michael B Smith a6th Ed. bWiley Student,c2014.aNew Delhi: a1869p aChemistry